5 Dakikada bütün Türkiye illerini bulabilir misin? 1.0 - Statistics

General Stats
  • This quiz has been taken 1 169 times
  • The average score is 13 of 27
Answers on the Map
Answers color-coded by a green-red scale on the quiz's map according to % correct below.
 
Answer Stats
Answer % Correct
Ankara
62%
Antalya
60%
Artvin
60%
Adana
58%
Balıkesir
58%
Çanakkale
56%
Bursa
55%
Edirne
55%
Aydın
54%
Eskişehir
53%
Ağrı
52%
Erzurum
51%
Afyon
49%
Bilecik
48%
Denizli
47%
Amasya
47%
Bolu
46%
Diyarbakır
46%
Adıyaman
45%
Burdur
45%
Gaziantep
45%
Çankırı
43%
Erzincan
43%
Çorum
42%
Elazığ
42%
Bingöl
40%
Bitlis
40%
No matching quizzes found
Score Distribution
Percent of People with Each Score
Percentile by Number Answered
Your Score History
You have not taken this quiz